02238nam a2200373 i 450000500170000000700030001700800410002002000180006104000350007904100130011408200200012710000340014724500820018126400320026330000320029533600270032733700330035433800280038749000160041550000340043150400560046550509820052152100380150353400110154154500610155265000360161365000380164965000350168765000330172265000320175570000500178794200120183799900150184920220317002015.0ta201105s2015 ck ||||er|||| 00| 0cspa d a9789588887098 aCO-BoRNBPbspaerdacCO-BoRNBP1 aspahfre04a920.7bA77f2221 aAttali, Jacquesd1943-eautor10aFarosb24 destinoscJacques Attali ; traducción de Emma Rodríguez Camacho 1aBogotábLuna Librosc2015 a516 páginasb24 cmc24 cm 2rdacontentatextobtxt 2rdamediaasin mediaciónbn 2rdacarrieravolumenbnc0 aHumanidades aIncluye índice onomástico aIncluye bibliografía al final de cada biografía00tConfucio o el hombre de bientAristóteles o la pasión de vivir de verdadtAsoka o la violencia de la no violenciatBoecio o el barquero de la razóntHildegarda de Bingen o la voz de la luztMaimónides o el poder de la lucideztTomás de Aquino o la voluntad amorosa de DiostGiordano Bruno o la nobleza del espíritutCaravaggio o la insolencia del geniotThomas Hobbes o la urgencia del EstadotMadame de Staël o la dama de alta sociedadtSimón Bolívar o la gloria del fracasotCharles Darwin o el descubridor a distanciatAbd el-Kader o entre dos fuegostWalt Whitman o el mejor de Estados UnidostShrimad Tajchandra o el evadido del mundotEl emperador Meijoi o el emperador de los signostWalter Rathenau o el soñador de EuropatThomas Alva Edison o el inventor de los tiempos modernostMarina Tsvietáieva o vivir para escribirtRichard Strauss las metamorfosis de lo absolutotHo Chi-Minh o la obsesión nacionaltHampate Ba o el salvador de recuerdos aRecomendado para público adulto tPhares aIncluye datos biográficos del autor al final del texto172LEMBaFilósofosvBiografías172LEMBaCientíficosvBiografías172LEMBaTeólogosvBiografías172LEMBaArtistasvBiografías172LEMBaMujeresvBiografías1 aRodríguez Camacho, Emmaetraductora9159052 2ddccBK c8874d8874